| LEADER |
00925ngm0a2200253 450 |
| 001 |
16827149 |
| 010 |
|
|
|d 57,99
|
| 100 |
|
|
|a 20081127d2026 u u0frey01 ba
|
| 101 |
1 |
|
|a eng
|c eng
|
| 102 |
|
|
|a GB
|
| 200 |
0 |
|
|a Wallace et Gromit
|e 4 incroyables et rocambolesques aventures
|f Nick Park, réal.
|
| 207 |
|
1 |
|a
|
| 210 |
|
|
|a Grande-Bretagne
|c Aardman animations
|
| 215 |
|
|
|a 1 DVD vidéo monoface zone 2 (4x25 min)
|c 16/9,et 4/3, coul. (PAL), son. (Dolby stéréo)
|
| 300 |
|
|
|a Droit de prêt et consultation
|
| 327 |
|
|
|a Une grande excursion,Un mauvais pantalon,Rasé de près,Un sacré pétrin
|
| 464 |
|
|
|a Une grande excursion
|
| 464 |
|
|
|a Un mauvais pantalon
|
| 464 |
|
|
|a Rasé de près
|
| 464 |
|
|
|a Un sacré pétrin
|
| 700 |
|
0 |
|a Park
|b Nick
|4 370
|
| 900 |
|
|
|a Film Animation
|
| 901 |
|
|
|a Accessible au prêt
|
| 995 |
|
|
|a Bibliothèque
|c Bibliothèque
|f 00156008948663
|h 00156008948663
|k EA WAL
|o p
|q a
|r gd
|e Bibliothèque
|